Կենտրոնական հետախուզական վարչության կեղտոտ գործը Արևմտյան Եվրոպայում : (Record no. 8913)
[ view plain ]
| 000 -LEADER | |
|---|---|
| fixed length control field | 01353nam a2200301 a 4500 |
| 001 - CONTROL NUMBER | |
| control field | 000022884 |
| 003 - CONTROL NUMBER IDENTIFIER | |
| control field | AM-YEHGA |
| 005 - DATE AND TIME OF LATEST TRANSACTION | |
| control field | 20250618070838.0 |
| 008 - FIXED-LENGTH DATA ELEMENTS--GENERAL INFORMATION | |
| fixed length control field | 030329s1984 ai |||||||||||||||||arm|d |
| 040 ## - CATALOGING SOURCE | |
| Original cataloging agency | AM-YeHGA |
| 041 1# - LANGUAGE CODE | |
| Language code of text/sound track or separate title | arm |
| Language code of original | rus |
| 090 ## - LOCALLY ASSIGNED LC-TYPE CALL NUMBER (OCLC); LOCAL CALL NUMBER (RLIN) | |
| -- | 8976 |
| 245 00 - TITLE STATEMENT | |
| Title | Կենտրոնական հետախուզական վարչության կեղտոտ գործը Արևմտյան Եվրոպայում : |
| Remainder of title | Նյութերի ժողովածու / |
| Statement of responsibility, etc. | Կազմ.՝ Ֆ. Էյջի, Լ. Վուլֆ ; Թարգմ. ռուս.՝ Կ.Ն. Ղալաչյան և ուրիշ. ; Խմբ.՝ Վ.Գ. Դանիելյան. |
| 260 ## - PUBLICATION, DISTRIBUTION, ETC. | |
| Place of publication, distribution, etc. | Երևան ։ : |
| Name of publisher, distributor, etc. | Հայաստան , |
| Date of publication, distribution, etc. | 1984. |
| 300 ## - PHYSICAL DESCRIPTION | |
| Extent | 352 էջ ; |
| Dimensions | 22 սմ. |
| 650 14 - SUBJECT ADDED ENTRY--TOPICAL TERM | |
| Topical term or geographic name entry element | Քաղաքականություն |
| Geographic subdivision | ԱՄՆ |
| 653 0# - INDEX TERM--UNCONTROLLED | |
| Uncontrolled term | Հետախուզություն |
| 653 0# - INDEX TERM--UNCONTROLLED | |
| Uncontrolled term | Ազգային անվտանգություն |
| 700 1# - ADDED ENTRY--PERSONAL NAME | |
| Personal name | Էյջի, Ֆ. |
| Relator term | կազմ. |
| Relationship | com |
| 700 1# - ADDED ENTRY--PERSONAL NAME | |
| Personal name | Վուլֆ, Լ. |
| Relator term | կազմ. |
| Relationship | com |
| 700 1# - ADDED ENTRY--PERSONAL NAME | |
| Personal name | Ղալաչյան, Կ.Ն. |
| Relator term | թարգմ. |
| Relationship | trl |
| 700 1# - ADDED ENTRY--PERSONAL NAME | |
| Personal name | Խոցանյան, Մ.Ա. |
| Relator term | թարգմ. |
| Relationship | trl |
| 700 1# - ADDED ENTRY--PERSONAL NAME | |
| Personal name | Նիկողոսյան, Ռ.Ե. |
| Relator term | թարգմ. |
| Relationship | trl |
| 700 1# - ADDED ENTRY--PERSONAL NAME | |
| Personal name | Դադայան, Խ.Զ. |
| Relator term | թարգմ. |
| Relationship | trl |
| 700 1# - ADDED ENTRY--PERSONAL NAME | |
| Personal name | Մարգարյան, Ս.Գ. |
| Relator term | թարգմ. |
| Relationship | trl |
| 700 1# - ADDED ENTRY--PERSONAL NAME | |
| Personal name | Դանիելյան, Վլադիմիր Գալուստի, |
| Dates associated with a name | 1927- |
| Relator term | խմբ. |
| Relationship | edt |
| 9 (RLIN) | 2553 |
| 942 ## - ADDED ENTRY ELEMENTS (KOHA) | |
| Koha item type | Գրքեր / Books |
| Withdrawn status | Lost status | Source of classification or shelving scheme | Damaged status | Not for loan | Home library | Current library | Date acquired | Total checkouts | Full call number | Barcode | Date last seen | Price effective from | Koha item type | Public note |
|---|---|---|---|---|---|---|---|---|---|---|---|---|---|---|
| Universal Decimal Classification | Fundamental Scientific Library | Fundamental Scientific Library | 21/12/2016 | AII/70729 | 220070729 | 21/12/2016 | 21/12/2016 | Գրքեր / Books | 30 Days Loan | |||||
| Universal Decimal Classification | Fundamental Scientific Library | Fundamental Scientific Library | 21/12/2016 | AII/70789 | 220070789 | 21/12/2016 | 21/12/2016 | Գրքեր / Books | 30 Days Loan | |||||
| Universal Decimal Classification | Fundamental Scientific Library | Fundamental Scientific Library | 21/12/2016 | AII/71242 | 220071242 | 21/12/2016 | 21/12/2016 | Գրքեր / Books | 30 Days Loan |
ՀՀ Գիտությունների ազգային ակադեմիայի հիմնարար գիտական գրադարան = Fundamental Scientific Library of NAS RA
All site content, except where otherwise noted, is licensed under a